| 000 | 00000nas##2200000za#4500 |
|---|---|
| 001 | 9.509376 |
| 003 | CaOODSP |
| 005 | 20201118084411 |
| 007 | ta |
| 008 | 150406c1999||||xxc|| m #||||f| |0eng|d |
| 040 | |aCaOODSP|beng |
| 041 | |aeng |
| 041 | |afre |
| 043 | |an-cn--- |
| 086 | 1 |aH113-2 |
| 110 | 1 |aCanada. |bPest Management Regulatory Agency. |
| 245 | 10|aFact sheet |
| 260 | |aOttawa - Ontario : |bHealth Canada. |
| 546 | |aBilingual |
| 563 | |aSoftcover |
| 792 | |tFiche technique |efre|w(CaOODSP)9.509377 |